| 000 | 00544nam a2200145 4500 | ||
|---|---|---|---|
| 082 | _aMSEE-5 BIL | ||
| 100 | _aSyed Bilal Raza Tirmizi | ||
| 245 | _aPhysical device modeling of GaAs based resonant tunneling diode | ||
| 260 |
_aIslamabad _bNUST-SEECS _c2017 |
||
| 300 |
_a34p. _eCD Includes |
||
| 856 | _uhttp://10.250.8.41:8080/xmlui/handle/123456789/5337 | ||
| 942 |
_2ddc _cTHE |
||
| 999 |
_c342348 _d342348 |
||